| 000 | 00637nam a22001817a 4500 | ||
|---|---|---|---|
| 005 | 20240214085320.0 | ||
| 008 | 240214b |||||||| |||| 00| 0 eng d | ||
| 040 |
_aKMU _cKMU _dKMU _erda |
||
| 110 |
_aInstitute of Security Studies/ _bdefence Sector programme |
||
| 245 |
_aConference report on the regulation of the private sector in Africa _b/ _cInstitute for Security Studies and Defense sector programme |
||
| 260 |
_aPretoria, _bInstitute for Security studies, _c2007. |
||
| 300 |
_a28 p.: _bill,; _c23cm |
||
| 610 | _2Conference | ||
| 610 | _2Private Security | ||
| 610 | _2Africq | ||
| 710 | _aDefence sector programme | ||
| 942 |
_cBK _n0 |
||
| 999 |
_c998 _d998 |
||